[Event "Attica-ch U12"]
[Site "Peristeri"]
[Date "2012.04.18"]
[Round "2"]
[White "Drakoulakos, Grigorios"]
[Black "Mavroudeas, Dimitrios"]
[Result "1-0"]
[WhiteElo "1705"]
[BlackElo "1378"]
[PlyCount "37"]
[EventDate "2012.04.17"]
[EventType "swiss"]
[EventRounds "7"]
[EventCountry "GRE"]
[SourceTitle "EXT 2024"]
[Source "ChessBase"]
[SourceDate "2023.10.10"]
[SourceVersion "1"]
[SourceVersionDate "2023.10.10"]
[SourceQuality "1"]

1. e4 e5 2. Nf3 Nc6 3. d4 exd4 4. Bc4 Bc5 5. c3 dxc3 6. Bxf7+ Kf8 7. Bxg8 Rxg8 8. Ng5 Rh8 9. Nxc3 Qf6 10. 0-0 Ne7 11. Be3 Bb6 12. Bxb6 axb6 13. f4 Ke8 14. Rc1 Kd8 15. e5 Qg6 16. Nb5 Nc6 17. Qd5 Rf8 18. Rcd1 h6 19. Ne6+ 1-0